logo

Bir Sreshtho Munshi Abdur Rouf Library
Jhenaidah Cadet College

Hghier Mathemarics Second Paper For XI-XII Class / (Record no. 5479)

MARC details
000 -LEADER
fixed length control field 00608nam a2200229 a 4500
001 - CONTROL NUMBER
JCCL Control Number 5479
003 - CONTROL NUMBER IDENTIFIER
JCCL marc code BD-JhCC
005 - DATE AND TIME OF LATEST TRANSACTION
control field 20171218124625.0
008 - FIXED-LENGTH DATA ELEMENTS--GENERAL INFORMATION
fixed length control field 171217s20142015bg a|||| || | 000 0 eng d
035 ## - SYSTEM CONTROL NUMBER
system control number (BD-JhCC)5479
040 ## - CATALOGING SOURCE
Original cataloging agency BD-JhCC
Modifying agency BD-JhCC
041 ## - LANGUAGE CODE
Language code of Book eng
082 ## - DEWEY DECIMAL CLASSIFICATION NUMBER
Classification number 515
Author mark and Year AHM 2015
100 ## - MAIN ENTRY--PERSONAL NAME
Personal name Ahmed, S. U.
245 ## - TITLE STATEMENT
Title Hghier Mathemarics Second Paper For XI-XII Class /
Statement of responsibility, etc S. U. Ahmed & M. A. Jabbar
260 ## - PUBLICATION, DISTRIBUTION, ETC. (IMPRINT)
Place of publication, distribution, etc Dhaka :
Name of publisher, distributor, etc Alpha Prokashani,
Date of publication, distribution, etc 2015.
300 ## - PHYSICAL DESCRIPTION
Pagination 320 p. :
Dimensions 24 cm.
650 ## - SUBJECT ADDED ENTRY--TOPICAL TERM
Topical term or geographic name as entry element Mathematics Analysis
700 ## - ADDED ENTRY--PERSONAL NAME
Personal name Jabbar, M. A.
942 ## - ADDED ENTRY ELEMENTS (KOHA)
Source of classification or shelving scheme Dewey Decimal Classification
Koha item type Books
Holdings
Source of classification or shelving scheme Damaged status Not for loan Home library Current library Shelving location Date of accession Cost, normal purchase price Total Checkouts Full call number Barcode Date last seen Date checked out Copy number Koha item type
Dewey Decimal Classification     JCC Rouf Library JCC Rouf Library General Stacks 12/17/2017 325.00 1 515 AHM 2015 7629 12/26/2023 11/01/2023 C - 1 Books

JCC Library | Contacts | JCC Home

Last Update on 23 September 2017
Copyright @ 2017-2020 JCC Rouf Library
Rouf Library, Jhenidah Cadet College (JCC), Bangladesh